000 00752nam a2200253Ia 4500
003 OSt
005 20220927111611.0
006 a|||||r|||| 00| 0
007 ta
008 220926b |||||||| |||| 00| 0 eng d
024 _a109818
037 _cReports
040 _aRTL
_cRTL
_beng
041 _2eng
_aeng
082 _a"X9(M7:7):9.2.N8, M8/GD"
110 _aGovernment of India. Labour Bureau
_9382310
245 0 _aReport on the working and living conditions of wor
260 _aDelhi
_bMOP India
_c1988
490 _v1988
650 _aTextile Industries
_9355999
700 _aGovernment of India. Labour Bureau
_9382311
942 _h"X9(M7:7):9.2.N8, M8/GD"
_cCC
999 _c699266
_d699266